000 00333nam a22001457a 4500
008 210526b ||||| |||| 00| 0 eng d
020 _a002-7002907
041 _aeng
080 _23rd
_a616
082 _a616
100 _a9
101 _aPAT
245 _aA Massage Therapist's Guide to Pathology
_cRuth Werner
942 _2udc
_cBK
999 _c57610
_d57610